| 000 | 00543 a2200169 4500 | ||
|---|---|---|---|
| 003 | OSt | ||
| 005 | 20231107121540.0 | ||
| 008 | 231107b |||||||| |||| 00| 0 eng d | ||
| 020 | _a9789391938024 | ||
| 040 | _coclc | ||
| 082 |
_a954.83 _bKUR/M |
||
| 100 |
_aKurup, K K N _d1939- author. _91879 |
||
| 245 |
_a1921 Malabar Samaram Vol 4: _bPoralikal mannum manassum / _cGeneral editor Dr. K K N Kurup |
||
| 260 |
_aKerala: _bYuvatha book house, _c2023. |
||
| 300 | _a431p | ||
| 942 |
_2ddc _cBK _h954.83 _iKUR/M _k954.83 _mKUR/M |
||
| 999 |
_c42846 _d42846 |
||